000 00649nam a22002297a 4500
003 UA-OsUOA
001 98466
007 ta
008 20130415b un ||||| |||| 00| 0 ukr d
100 _aМорохин В.
090 _a82.09
_bМ80
942 _cBK
040 _aUA-OsUOA
_brus
_cUA-OsUOA
_dUA-OsUOA
245 _aПрозаические жанры русского фольклора
_bхрестоматия
300 _a302 с.
955 _a3
041 _arus
080 _a82.09
260 _aМ.
_bВысшая школа
_c1983
650 7 _a82 Література. Літературознавство
_2UDC
999 _c384378
_d384378